Zdokonalenie transmutačných palivových cyklov reaktora VVER-440 : Diplomová práca

Gespeichert in:
Bibliographische Detailangaben
1. Verfasser: Hlinka, Vojtech (Verfasst von)
Weitere Verfasser: Dařílek, Petr (Betreuung Doktorarbeit), Nečas, Vladimír, 1954- (Betreuung Doktorarbeit)
Format: Manuskript Buch
Sprache:Slowakisch
Veröffentlicht: Bratislava : STU v Bratislave FEI, 2002
Schlagworte:
Tags: Tag hinzufügen
Keine Tags, Fügen Sie das erste Tag hinzu!

MARC

LEADER 00000ntm a22000003a 4500
001 stu76129
005 20160908113057.4
008 020618s2002------------------------slo-d
040 |a STU  |b slo 
041 0 |a slo 
100 1 |a Hlinka, Vojtech  |4 aut 
245 1 |a Zdokonalenie transmutačných palivových cyklov reaktora VVER-440 :  |b Diplomová práca 
260 |a Bratislava :  |b STU v Bratislave FEI,  |c 2002 
300 |a 58 s  |c príl. 
650 7 |a Elektroenergetické a silnoprúdové inžinierstvo  |2 stusub 
700 1 |a Dařílek, Petr  |4 ths  |X 47705  |7 A000047705 
700 1 |a Nečas, Vladimír,  |d 1954-  |4 ths  |u E060  |U FEI Fakulta elektrotechniky a informatiky  |T FEI Ústav jadrového a fyzikálneho inžinierstva  |X 1934  |U E060  |Y 817  |7 A000001934